Waldgesellschaften des Javorníky-Gebirges und des nördlichen Teils des Gebirges Biele Karpaty II. Teil

Bibliographic Details
Main Author: Fajmonová, E. (Author)
Format: Article
Language:German

MARC

LEADER 00000nab a2200000 a 4500
001 vtls011133438
003 SK-MaSNL
005 20260303150952.0
008 230222|1976 xo |||||||||||||||||ger|
015 |a SNBRB 
035 |a (uuid)ce5e9b3f-7f22-4d57-acfb-1709f91c749c 
035 |a (urnnbn)urn:nbn:sk:snk:ar-a09oaf 
035 |a urn:nbn:sk:snk-ababd4 
040 |a SNKBUCL  |b slo  |c SNKBUCL  |e AACR2 
041 0 |a ger 
044 |a xo  |c SK 
100 1 |a Fajmonová, E.  |4 aut  |9 807292 
245 1 0 |a Waldgesellschaften des Javorníky-Gebirges und des nördlichen Teils des Gebirges Biele Karpaty II. Teil  |c E. Fajmonová 
773 0 |t Acta Facultatis Rerum Naturalium Universitatis Comenianae  |g Roč. 25, č. 25 (1976), s. 31-66 
958 |a OND 
958 |a EUIPO 
958 |a article13 
999 |c 2014939  |d 2016869